Представление документа в формате RUSMARC

ПолеНазваниеЗначение
  Тип записи a
  Библиографический уровень s
001 Контрольный номер 366708
005 Дата корректировки 20241102152533.3
035 Другие системные номера #0
a Идентификатор записи UA05001110#366708
101 Язык документа 0#
a Язык текста rus
200 Заглавие и сведения об ответственности 1#
a Заглавие Повышение уровня обобществления производства и развитие социалистических производственных отношений
f Первые сведения об ответственности [редкол. вып.: Ю. Н. Пахомов (отв. ред.) и др.]
v Обозначение тома Вып. 189
210 Выходные данные __
d Дата издания 1987
215 Физическое описание __
a Объем 134, [2] с.
461 Уровень набора __
1 200
a Вопросы политической экономии
1 200
e респ. межведомств. науч. сб.
1 200
f М-во высш. и сред. специального образования УССР, Киев. гос. ун-т им. Т. Г. Шевченко
1 200
1 210
a К.
c Вища шк. Изд-во при Киев. ун-те
d 1965 -
1 300
a Сб. основан в 1965 г.
606 Тематические рубрики ##
a Основная рубрика Экономическая теория
j Формальный подзаголовок Научные издания. Сборники научных трудов
x Основная подрубрика Политическая экономия
610 Ключевые слова 1#
a Ключевые слова Политическая экономия
610 Ключевые слова 1#
a Ключевые слова Обобществление производства
610 Ключевые слова 1#
a Ключевые слова Повышение уровня производства
610 Ключевые слова 1#
a Ключевые слова Социалистические производственные отношения
610 Ключевые слова 1#
a Ключевые слова Сборники научных трудов
686 Индексы других классификаций __
a Классификационный индекс У01я54
2 Код системы rubbk
686 Индексы других классификаций __
a Классификационный индекс У011.2я54
2 Код системы rubbk
702 Вторичная интеллектуальная ответственность #0
a Фамилия Пахомов
b Имя Ю. Н.
c Титул (звания) отв. ред.
4 Код отношения 651
702 Вторичная интеллектуальная ответственность #0
a Фамилия Логвиненко
b Имя В. К.
c Титул (звания) отв. ред.
4 Код отношения 651
702 Вторичная интеллектуальная ответственность #0
a Фамилия Пасько
b Имя В. Б.
c Титул (звания) ред.
4 Код отношения 340
702 Вторичная интеллектуальная ответственность #0
a Фамилия Рыбалкин
b Имя В. А.
c Титул (звания) ред.
4 Код отношения 340
702 Вторичная интеллектуальная ответственность #0
a Фамилия Гриценко
b Имя А. А.
c Титул (звания) ред.
4 Код отношения 340
801 Источник записи #0
a Страна ua
b Организация Бібліотека ДонНУЕТ
c Дата составления 19.02.2013
852 Данные о местонахождении __
i Авторский знак В74
901 Тип документа __
w Контрольный № источника 365182
t Тип документа s